[Event "Charleroi op"]
[Site "Charleroi"]
[Date "2010.08.07"]
[Round "9"]
[White "Giadrosic, Dinko"]
[Black "Mastalerz, Xavier"]
[Result "0-1"]
[WhiteElo "1983"]
[BlackElo "2120"]
[PlyCount "52"]
[EventDate "2010.07.31"]
[EventType "swiss"]
[EventRounds "9"]
[EventCountry "BEL"]
[SourceTitle "CBM 137 Extra"]
[Source "ChessBase"]
[SourceDate "2010.09.01"]
[SourceVersion "1"]
[SourceVersionDate "2010.09.01"]
[SourceQuality "1"]

1. d4 e6 2. Nf3 Nf6 3. c3 b6 4. Bg5 Be7 5. e3 Bb7 6. Bd3 c5 7. Nbd2 0-0 8. Qc2 h6 9. h4 Nc6 10. Bxf6 Bxf6 11. dxc5 bxc5 12. Bh7+ Kh8 13. Ne4 Be7 14. Neg5 f5 15. Bg6 hxg5 16. Nxg5 Ne5 17. Qe2 Ng4 18. Nf7+ Rxf7 19. Bxf7 Qb6 20. Bh5 Ba6 21. Qd2 Ne5 22. Be2 Rb8 23. f4 Bxe2 24. Qxe2 Ng4 25. 0-0-0 d5 26. g3 Bf6 0-1

[Event "Charleroi op"]
[Site "Charleroi"]
[Date "2010.08.02"]
[Round "3"]
[White "Maes, Wim"]
[Black "Giadrosic, Dinko"]
[Result "1-0"]
[WhiteElo "2232"]
[BlackElo "1983"]
[PlyCount "49"]
[EventDate "2010.07.31"]
[EventType "swiss"]
[EventRounds "9"]
[EventCountry "BEL"]
[SourceTitle "CBM 137 Extra"]
[Source "ChessBase"]
[SourceDate "2010.09.01"]
[SourceVersion "1"]
[SourceVersionDate "2010.09.01"]
[SourceQuality "1"]

1. e4 d6 2. d4 Nf6 3. Nc3 Nbd7 4. g4 h6 5. Be3 e5 6. f3 g5 7. Nge2 Be7 8. Ng3 Nf8 9. Qd2 c6 10. 0-0-0 Qa5 11. Kb1 Ng6 12. Nf5 Bxf5 13. gxf5 Nf8 14. h4 gxh4 15. Rxh4 Nd5 16. Rxh6 Nxc3+ 17. Qxc3 Qxc3 18. bxc3 Rxh6 19. Bxh6 0-0-0 20. Bc4 f6 21. Rg1 d5 22. exd5 cxd5 23. Bb3 Kc7 24. Rg7 Kd6 25. Bc1 1-0

[Event "BEL-ch op"]
[Site "Namur"]
[Date "2009.07.06"]
[Round "3"]
[White "Giadrosic, Dinko"]
[Black "Leroy, Yves"]
[Result "1/2-1/2"]
[WhiteElo "2004"]
[BlackElo "1864"]
[PlyCount "51"]
[EventDate "2009.07.04"]
[EventType "swiss"]
[EventRounds "9"]
[EventCountry "BEL"]
[SourceTitle "EXT 2010"]
[Source "ChessBase"]
[SourceDate "2010.11.25"]
[SourceVersion "1"]
[SourceVersionDate "2010.11.25"]
[SourceQuality "1"]

1. d4 d5 2. c3 Nf6 3. Bg5 Nbd7 4. Nd2 h6 5. Bh4 g5 6. Bg3 c5 7. e3 Qb6 8. Rb1 a5 9. Qa4 cxd4 10. exd4 Ne4 11. Nxe4 dxe4 12. h4 Bg7 13. hxg5 hxg5 14. Rxh8+ Bxh8 15. Bb5 Qe6 16. Rd1 Qf5 17. Ne2 Kf8 18. Be5 Nb6 19. Qc2 f6 20. Ng3 Qe6 21. Bc7 Nd5 22. Bc4 e3 23. Bxd5 exf2+ 24. Kxf2 Qxd5 25. Qh7 Bg7 26. Nh5 1/2-1/2

[Event "Charleroi op 5th"]
[Site "Charleroi"]
[Date "2006.08.03"]
[Round "7"]
[White "Giadrosic, Dinko"]
[Black "Vandevoort, Pascal"]
[Result "0-1"]
[WhiteElo "2059"]
[BlackElo "2388"]
[PlyCount "86"]
[EventDate "2006.07.29"]
[EventType "swiss"]
[EventRounds "9"]
[EventCountry "BEL"]
[SourceTitle "CBM 113 Extra"]
[Source "ChessBase"]
[SourceDate "2006.09.14"]
[SourceVersion "1"]
[SourceVersionDate "2006.09.14"]
[SourceQuality "1"]

1. d4 d5 2. c3 Nc6 3. Nf3 Bg4 4. Nbd2 e5 5. dxe5 f6 6. Qa4 Qd7 7. e6 Bxe6 8. Nd4 Nxd4 9. Qxd7+ Bxd7 10. cxd4 Bd6 11. Nf3 Ne7 12. Bd2 g5 13. h3 h5 14. e3 Kf7 15. Bd3 Rae8 16. 0-0-0 Nf5 17. g3 Be7 18. e4 dxe4 19. Bxe4 Nd6 20. Bd5+ Kg7 21. Rde1 Bd8 22. Bc3 Bf5 23. h4 c6 24. Bb3 Be4 25. Bd1 g4 26. Nd2 Bxh1 27. Rxh1 Nb5 28. Nc4 Bc7 29. Ne3 Rxe3 30. fxe3 Nxc3 31. bxc3 Bxg3 32. Kd2 Re8 33. Bc2 Bf2 34. Bf5 Bxe3+ 35. Kd3 Bf2 36. Rf1 Re3+ 37. Kd2 Rf3 38. Be4 Rf4 39. Bg2 f5 40. Ke2 Bg3 41. Rxf4 Bxf4 42. c4 Bg3 43. d5 c5 0-1

[Event "Charleroi op 4th"]
[Site "Charleroi"]
[Date "2005.08.04"]
[Round "7"]
[White "Delcour, Errol"]
[Black "Giadrosic, Dinko"]
[Result "1-0"]
[WhiteElo "1756"]
[BlackElo "2045"]
[PlyCount "35"]
[EventDate "2005.07.30"]
[EventType "swiss"]
[EventRounds "9"]
[EventCountry "BEL"]
[SourceTitle "EXT 2006"]
[Source "ChessBase"]
[SourceDate "2005.11.24"]
[SourceVersion "1"]
[SourceVersionDate "2005.11.24"]
[SourceQuality "1"]

1. e4 d6 2. d4 Nf6 3. Nc3 Nbd7 4. f4 e5 5. dxe5 dxe5 6. fxe5 Nxe5 7. Qxd8+ Kxd8 8. Bg5 c6 9. 0-0-0+ Kc7 10. Nf3 Bd6 11. Be2 Nfg4 12. Rxd6 Kxd6 13. Rd1+ Ke6 14. Nd4+ Kd6 15. Ndb5+ Kc5 16. Na4+ Kb4 17. Bd2+ Kxa4 18. b3# 1-0